Biology Living Systems/ (Record no. 2112)
[ view plain ]
| 000 -LEADER | |
|---|---|
| fixed length control field | 00632nam a22001937a 4500 |
| 005 - DATE AND TIME OF LATEST TRANSACTION | |
| control field | 20241212132859.0 |
| 008 - FIXED-LENGTH DATA ELEMENTS--GENERAL INFORMATION | |
| fixed length control field | 241212b |||||||| |||| 00| 0 eng d |
| 020 ## - INTERNATIONAL STANDARD BOOK NUMBER | |
| International Standard Book Number | 0675064856 |
| 050 ## - LIBRARY OF CONGRESS CALL NUMBER | |
| Classification number | QH313 ORA |
| 100 ## - MAIN ENTRY--PERSONAL NAME | |
| Personal name | Oram, Raymond F. |
| 245 ## - TITLE STATEMENT | |
| Title | Biology Living Systems/ |
| Remainder of title | Teacher Annotated edition |
| Statement of responsibility, etc. | Raymond F. Oram with consultants, Paul J. Hummer Jr. & Robert C. Smoot |
| 250 ## - EDITION STATEMENT | |
| Edition statement | 6th ed. |
| 260 ## - PUBLICATION, DISTRIBUTION, ETC. | |
| Place of publication, distribution, etc. | Columbus, Ohio |
| Name of publisher, distributor, etc. | Merrill Publishing Company |
| Date of publication, distribution, etc. | 1989 |
| 300 ## - PHYSICAL DESCRIPTION | |
| Extent | various paging |
| Other physical details | ill. some color |
| Dimensions | 24cm |
| 650 ## - SUBJECT ADDED ENTRY--TOPICAL TERM | |
| Source of heading or term | Biology |
| 700 ## - ADDED ENTRY--PERSONAL NAME | |
| Personal name | Hummer, Paul J. Jr. |
| 700 ## - ADDED ENTRY--PERSONAL NAME | |
| Personal name | Smoot, Robert C. |
| 942 ## - ADDED ENTRY ELEMENTS (KOHA) | |
| Source of classification or shelving scheme | Library of Congress Classification |
| Koha item type | Books |
| Edition | 6th ed. |
| Suppress in OPAC | No |
| 999 ## - | |
| -- | 2112 |
| -- | 2112 |
| Withdrawn status | Lost status | Source of classification or shelving scheme | Damaged status | Not for loan | Collection | Home library | Current library | Shelving location | Date acquired | Total checkouts | Full call number | Barcode | Date last seen | Copy number | Price effective from | Koha item type |
|---|---|---|---|---|---|---|---|---|---|---|---|---|---|---|---|---|
| Library of Congress Classification | Non-fiction | Science Library (Miotso) | Science Library (Miotso) | General stacks | 12/12/2024 | QH313 ORA | SLM00001256 | 12/12/2024 | 1 | 12/12/2024 | Books | |||||
| Library of Congress Classification | Non-fiction | Science Library (Miotso) | Science Library (Miotso) | General stacks | 12/12/2024 | QH313 ORA | SLM00001257 | 12/12/2024 | 2 | 12/12/2024 | Books | |||||
| Library of Congress Classification | Non-fiction | Science Library (Miotso) | Science Library (Miotso) | General stacks | 12/12/2024 | QH313 ORA | SLM00001258 | 12/12/2024 | 3 | 12/12/2024 | Books | |||||
| Library of Congress Classification | Non-fiction | Science Library (Miotso) | Science Library (Miotso) | General stacks | 12/12/2024 | QH313 ORA | SLM00001259 | 12/12/2024 | 4 | 12/12/2024 | Books | |||||
| Library of Congress Classification | Non-fiction | Science Library (Miotso) | Science Library (Miotso) | General stacks | 12/12/2024 | QH313 ORA | SLM00001260 | 12/12/2024 | 5 | 12/12/2024 | Books | |||||
| Library of Congress Classification | Non-fiction | Science Library (Miotso) | Science Library (Miotso) | General stacks | 12/12/2024 | QH313 ORA | SLM00001261 | 12/12/2024 | 6 | 12/12/2024 | Books | |||||
| Library of Congress Classification | Non-fiction | Science Library (Miotso) | Science Library (Miotso) | General stacks | 12/12/2024 | QH313 ORA | SLM00001262 | 12/12/2024 | 7 | 12/12/2024 | Books | |||||
| Library of Congress Classification | Non-fiction | Science Library (Miotso) | Science Library (Miotso) | General stacks | 12/12/2024 | QH313 ORA | SLM00001263 | 12/12/2024 | 8 | 12/12/2024 | Books | |||||
| Library of Congress Classification | Non-fiction | Science Library (Miotso) | Science Library (Miotso) | General stacks | 12/12/2024 | QH313 ORA | SLM00001264 | 12/12/2024 | 9 | 12/12/2024 | Books | |||||
| Library of Congress Classification | Non-fiction | Science Library (Miotso) | Science Library (Miotso) | General stacks | 12/12/2024 | QH313 ORA | SLM00001265 | 12/12/2024 | 10 | 12/12/2024 | Books |